00327nam a2200121Ia 4500008004100000041000800041100001300049245004300062260002900105300000900134520003200143650003000175230818s1998 xx 000 0 und d aeng aOjugo C. aPractical Food & Beverage Cost Control bDelmar pub. Bestanc1998 a404p aHard Board | Reference Copy aFood and Beverage service